ALL Cities in Louisiana - Statistics

General Stats
  • This quiz has been taken 38 times
  • The average score is 41 of 304
Answer Stats
Hint Answer % Correct
N New Orleans
94%
B Baton Rouge
88%
S Shreveport
85%
L Lafayette
82%
L Lake Charles
76%
M Monroe
71%
S Slidell
68%
H Houma
65%
A Alexandria
59%
B Bossier City
56%
K Kenner
56%
C Covington
53%
H Hammond
50%
N New Iberia
50%
O Opelousas
50%
R Ruston
50%
G Gonzales
47%
M Mandeville
47%
N Natchitoches
47%
W West Monroe
41%
D Denham Springs
38%
D DeRidder
38%
T Thibodaux
38%
F Franklin
35%
G Gretna
35%
P Pineville
35%
P Plaquemine
35%
S St. Francisville
35%
Z Zachary
35%
A Abbeville
32%
B Bogalusa
32%
D Donaldsonville
32%
E Eunice
32%
F Franklinton
32%
H Homer
32%
J Jackson
32%
J Jena
32%
J Jennings
32%
M Minden
32%
M Morgan City
32%
P Ponchatoula
32%
S Sulphur
32%
W Winnsboro
32%
B Bastrop
29%
G Grambling
29%
K Krotz Springs
29%
M Madisonville
29%
S Springfield
29%
V Vidalia
29%
W Winnfield
29%
C Central
26%
K Kentwood
26%
M Marksville
26%
P Port Allen
26%
R Rayville
26%
V Ville Platte
26%
W Walker
26%
W Washington
26%
C Clinton
24%
L Livingston
24%
N New Roads
24%
A Arcadia
21%
B Baker
21%
B Ball
21%
B Breaux Bridge
21%
B Bunkie
21%
C Crowley
21%
G Grand Isle
21%
R Rayne
21%
S St. Martinville
21%
A Abita Springs
18%
A Amite City
18%
C Columbia
18%
F Farmerville
18%
F Ferriday
18%
F French Settlement
18%
G Gramercy
18%
J Jonesboro
18%
L Lake Providence
18%
L Leesville
18%
L Lutcher
18%
M Mansfield
18%
M Many
18%
N Natchez
18%
P Pearl River
18%
S St. Joseph
18%
S Sun
18%
T Tallulah
18%
W Westwego
18%
Y Youngsville
18%
A Albany
15%
B Benton
15%
C Carencro
15%
C Clayton
15%
I Independence
15%
J Jeanerette
15%
P Port Barre
15%
S Springhill
15%
S Sterlington
15%
V Vienna
15%
B Brusly
12%
C Choudrant
12%
C Colfax
12%
D Dry Prong
12%
G Gilbert
12%
G Greensburg
12%
G Greenwood
12%
H Haughton
12%
I Iowa
12%
K Kinder
12%
M Maringouin
12%
N Napoleonville
12%
O Oak Grove
12%
R Roseland
12%
S Scott
12%
S Sicily Island
12%
S Slaughter
12%
Z Zwolle
12%
A Addis
9%
A Arnaudville
9%
B Baldwin
9%
B Bernice
9%
B Bienville
9%
B Broussard
9%
C Church Point
9%
D Delhi
9%
D DeQuincy
9%
D Dubach
9%
E Erath
9%
F Folsom
9%
G Golden Meadow
9%
G Grosse Tete
9%
H Harahan
9%
H Harrisonburg
9%
H Haynesville
9%
K Killian
9%
L Livonia
9%
M Martin
9%
M Mer Rouge
9%
M Montgomery
9%
M Montpelier
9%
O Olla
9%
P Patterson
9%
Q Quitman
9%
S Sorrento
9%
S St. Gabriel
9%
T Tangipahoa
9%
T Tickfaw
9%
W Waterproof
9%
W Westlake
9%
W Woodworth
9%
A Angie
6%
B Baskin
6%
B Berwick
6%
C Cottonport
6%
C Coushatta
6%
D Delta
6%
D Dixie Inn
6%
D Doyline
6%
D Duson
6%
E Elton
6%
E Epps
6%
G Grand Coteau
6%
G Gueydan
6%
H Hodge
6%
I Iota
6%
J Jean Lafitte
6%
J Jonesville
6%
K Kaplan
6%
L Lecompte
6%
M Mangham
6%
M Mansura
6%
M Mermentau
6%
M Morganza
6%
O Oakdale
6%
O Oberlin
6%
P Palmetto
6%
P Plain Dealing
6%
P Pollock
6%
P Port Vincent
6%
R Richwood
6%
R Ringgold
6%
S Saline
6%
S Simsboro
6%
S Stonewall
6%
S Sunset
6%
T Turkey Creek
6%
W White Castle
6%
W Wisner
6%
A Ashland
3%
A Athens
3%
A Atlanta
3%
B Basile
3%
B Belcher
3%
B Blanchard
3%
B Bonita
3%
B Boyce
3%
C Calvin
3%
C Cankton
3%
C Chatham
3%
C Cheneyville
3%
C Clarks
3%
C Collinston
3%
C Cotton Valley
3%
C Creola
3%
C Cullen
3%
D Dodson
3%
D Dubberly
3%
E East Hodge
3%
E Elizabeth
3%
E Estherwood
3%
F Fordoche
3%
G Georgetown
3%
G Gibsland
3%
G Glenmora
3%
G Grand Cane
3%
G Grayson
3%
H Henderson
3%
J Junction City
3%
K Kilbourne
3%
L Lake Arthur
3%
L Logansport
3%
L Loreauville
3%
M Mamou
3%
M Marion
3%
M Melville
3%
M Merryville
3%
M Moreauville
3%
N New Llano
3%
N North Hodge
3%
P Parks
3%
P Pine Prairie
3%
R Reeves
3%
R Ridgecrest
3%
R Rosepine
3%
S Sarepta
3%
S Sikes
3%
U Urania
3%
V Varnado
3%
V Vinton
3%
V Vivian
3%
W Welsh
3%
W Wilson
3%
A Anacoco
0%
B Bryceland
0%
C Campti
0%
C Castor
0%
C Chataignier
0%
C Clarence
0%
C Converse
0%
D Delcambre
0%
D Downsville
0%
E Edgefield
0%
E Eros
0%
E Evergreen
0%
F Fenton
0%
F Fisher
0%
F Florien
0%
F Forest
0%
F Forest Hill
0%
G Gilliam
0%
G Goldonna
0%
H Hall Summit
0%
H Heflin
0%
H Hessmer
0%
H Hornbeck
0%
H Hosston
0%
I Ida
0%
J Jamestown
0%
K Keachi
0%
L Leonville
0%
L Lillie
0%
L Lisbon
0%
L Lockport
0%
L Longstreet
0%
L Lucky
0%
M Maurice
0%
M McNary
0%
M Mooringsport
0%
M Morse
0%
M Mound
0%
M Mount Lebanon
0%
N Newellton
0%
N Noble
0%
N Norwood
0%
O Oak Ridge
0%
O Oil City
0%
P Pioneer
0%
P Plaucheville
0%
P Pleasant Hill
0%
P Powhatan
0%
P Provencal
0%
R Richmond
0%
R Robeline
0%
R Rodessa
0%
R Rosedale
0%
S Shongaloo
0%
S Sibley
0%
S Simmesport
0%
S Simpson
0%
S South Mansfield
0%
S Spearsville
0%
S Stanley
0%
T Tullos
0%
No matching quizzes found
Score Distribution
Percent of People with Each Score
Percentile by Number Answered
Your Score History
You have not taken this quiz